[Event "Stay Safe Play From Home 349"]
[Site "Emanuel Lasker Arena"]
[Date "2020.08.02"]
[Round "2"]
[White "little champs"]
[Black "Uber_WING"]
[Result "0-1"]
[WhiteElo "2125"]
[BlackElo "2387"]
[Annotator "TA"]
[PlyCount "118"]
[EventDate "2020.08.02"]
[EventType "swiss (blitz)"]

{[%evp 9,117,0,122,87,97,91,128,122,138,87,100,106,98,108,120,112,118,98,185,188,183,75,80,83,66,68,85,68,62,10,53,-47,-27,-56,-13,-47,-29,-43,-36,-72,0,0,0,0,0,0,0,-446,-456,-441,-441,-456,-412,-493,-482,-429,-410,-727,-717,-688,-552,-806,-733,-714,-699,-1074,-1035,-1081,-777,-1084,-1050,-1035,-1045,-1071,-1070,-1191,-926,-1040,-853,-1611,-1298,-1116,-1020,-1222,-980,-1110,-998,-1037,-791,-983,-914,-824,-770,-636,-636,-29994,-29995,-29995,-29996,-29997,-29995,-29996,-29997,-29997,-29998,-29998,-29998,-29998,-29999,-29999]} 1. d4 e5 2. e3 exd4 3. exd4 d5 4. Nf3 c6 5. Be2 {[#]} f5 $146 (5... Bd6 $11) ({Predecessor:} 5... Nf6 6. Bg5 Bd6 7. O-O Be6 8. Nc3 Nbd7 9. Re1 O-O 10. Qd3 h6 11. Bh4 Qc7 12. Bd1 Qb6 {1-0 (44) Loos,T (1340)-Kauschanski,N (1469) Playchess.com INT 2020}) 6. O-O {C01: French: Exchange Variation.} Nf6 7. c4 Be7 8. Nc3 {White is better.} O-O 9. Bg5 (9. Re1 $142) 9... Ne4 10. Bxe7 Qxe7 11. cxd5 Nxc3 12. bxc3 cxd5 13. c4 dxc4 (13... Be6 $16 {is a better defense.}) 14. Bxc4+ $18 Kh8 {[#]} 15. Ne5 (15. Re1 $1 $18 {[%cal Re1e7] is more deadly.} Qf6 16. Rc1) 15... Nc6 $16 16. Re1 Nxe5 17. Rxe5 Qf6 18. Qe2 Bd7 19. Re7 (19. Bd5 $14) 19... Bc6 20. Re1 (20. Qe5 $14) 20... Qxd4 $15 21. Bb3 Qg4 {[%csl Gc6][%cal Rg4g2]} 22. f3 Qg5 23. Kh1 h6 24. Qe6 Rae8 (24... a5 $17) 25. Rxe8 $11 Rxe8 26. Qxe8+ Bxe8 27. Rxe8+ {[%mdl 4096] Endgame KQ-KRB} Kh7 {( -> ...Qc1+)} 28. Re1 $2 {[%mdl 8192]} (28. Bg8+ $1 $11 Kh8 29. Bf7+ Kh7 30. Bg8+ Kg6 31. Re6+ Kh5 32. Bf7+ g6 33. g3 Qc1+ 34. Kg2 Qb2+ 35. Kh3) 28... Qd2 $19 {[%cal Rd2e1]} 29. Rd1 Qe2 30. h3 h5 31. Rc1 Qe3 32. Rd1 h4 33. Bc2 (33. Rd5 $142 Qc1+ 34. Rd1) 33... g6 34. Bb3 a5 35. Kh2 Qf4+ 36. Kh1 a4 37. Bc2 Qc4 38. Bb1 Qc3 39. Rf1 Kh6 40. Rd1 b5 41. Rg1 b4 42. Kh2 b3 43. axb3 Qxb3 44. f4 Qb8 45. Rf1 a3 46. Ba2 Qb2 47. Bd5 Qc3 48. Bf7 Qg3+ 49. Kg1 Qe3+ 50. Kh1 Qa7 51. Ba2 Qa6 52. Bb1 Qxf1+ {[%mdl 64] [#] Double Attack. Black mates.} 53. Kh2 Qxb1 54. g3 Qb8 55. gxh4 a2 56. Kg2 a1=Q 57. Kg3 Qa3+ 58. Kf2 Qbb2+ 59. Kf1 Qaa1# {Black used his chance. Accuracy: White = 37%, Black = 67%.} 0-1

[Event "Stay Safe Play From Home 349"]
[Site "Emanuel Lasker Arena"]
[Date "2020.08.02"]
[Round "2"]
[White "SoulofWolf"]
[Black "TheCHESSHOUSE"]
[Result "1-0"]
[WhiteElo "2019"]
[BlackElo "2137"]
[Annotator "RC"]
[PlyCount "97"]
[EventDate "2020.08.02"]
[EventType "swiss (blitz)"]

1. d4 {[%emt 0:00:00]} Nf6 {[%emt 0:00:01]} 2. Nf3 {[%emt 0:00:00]} g6 {[%emt 0:00:01]} 3. c4 {[%emt 0:00:00]} Bg7 {[%emt 0:00:01]} 4. Nc3 {[%emt 0:00:00]} d6 {[%emt 0:00:00]} 5. g3 {[%emt 0:00:00]} O-O {[%emt 0:00:01]} 6. Bg2 {[%emt 0:00:00]} Nc6 {[%emt 0:00:00]} 7. O-O {[%emt 0:00:00]} Bd7 {[%emt 0:00:00]} 8. a3 {[%emt 0:00:00]} a6 {[%emt 0:00:01]} 9. b4 {[%emt 0:00:01]} Rb8 {[%emt 0:00:00]} 10. b5 {[%emt 0:00:00]} Na5 {[%emt 0:00:01]} 11. Qd3 {[%emt 0:00:03]} c5 {[%emt 0:00:01]} 12. e4 {[%emt 0:00:03]} axb5 {[%emt 0:00:02]} 13. Nxb5 {[%emt 0:00:02]} Qb6 {[%emt 0:00:01]} 14. a4 {[%emt 0:00:02]} cxd4 {[%emt 0:00:04]} 15. Nfxd4 {[%emt 0:00:00]} Ng4 {[%emt 0:00:01]} 16. Bb2 {[%emt 0:00:02]} Ne5 {[%emt 0:00:01]} 17. Qc2 {[%emt 0:00:05]} Nexc4 {[%emt 0:00:00]} 18. Bc3 {[%emt 0:00:03]} Bxb5 {[%emt 0:00:01]} 19. axb5 {[%emt 0:00:04]} Ra8 {[%emt 0:00:01]} 20. Rfd1 {[%emt 0:00:06]} Rfc8 {[%emt 0:00:01]} 21. Bf1 {[%emt 0:00:02]} e5 {[%emt 0:00:04]} 22. Nf3 {[%emt 0:00:03]} Bf8 {[%emt 0:00:01]} 23. Qd3 {[%emt 0:00:02]} Qc5 {[%emt 0:00:04]} 24. Rdb1 {[%emt 0:00:02]} Nb6 {[%emt 0:00:02]} 25. Bb4 {[%emt 0:00:01]} Qc2 {[%emt 0:00:02]} 26. Qxc2 {[%emt 0:00:02]} Rxc2 {[%emt 0:00:00]} 27. Rxa5 {[%emt 0:00:01]} Rxa5 {[%emt 0:00:01]} 28. Bxa5 {[%emt 0:00:00]} Nc4 {[%emt 0:00:00]} 29. Be1 {[%emt 0:00:04]} Na3 {[%emt 0:00:01]} 30. Ra1 {[%emt 0:00:01]} Nc4 {[%emt 0:00:04]} 31. Ra8 {[%emt 0:00:01]} Kg7 {[%emt 0:00:01]} 32. Rc8 {[%emt 0:00:01]} d5 {[%emt 0:00:03]} 33. exd5 {[%emt 0:00:01]} Rc1 {[%emt 0:00:01]} 34. Bxc4 {[%emt 0:00:02]} Rb1 {[%emt 0:00:01]} 35. Kg2 {[%emt 0:00:01]} Ba3 {[%emt 0:00:01]} 36. h4 {[%emt 0:00:01]} b6 {[%emt 0:00:01]} 37. Bc3 {[%emt 0:00:00]} Bc5 {[%emt 0:00:00]} 38. Bxe5+ {[%emt 0:00:00]} Kh6 {[%emt 0:00:00]} 39. Bf4+ {[%emt 0:00:01]} Kg7 {[%emt 0:00:01]} 40. Bg5 {[%emt 0:00:00]} h6 {[%emt 0:00:01]} 41. Bf4 {[%emt 0:00:01]} Kh7 {[%emt 0:00:01]} 42. Rc7 {[%emt 0:00:00]} Bd4 {[%emt 0:00:01]} 43. d6 {[%emt 0:00:00]} Bg7 {[%emt 0:00:00]} 44. Rxf7 {[%emt 0:00:00]} Rd1 {[%emt 0:00:00]} 45. Be5 {[%emt 0:00:00]} Kh8 {[%emt 0:00:01]} 46. Rxg7 {[%emt 0:00:00]} Rg1+ {[%emt 0:00:02]} 47. Kxg1 {[%emt 0:00:01]} h5 {[%emt 0:00:01]} 48. Kg2 {[%emt 0:00:00]} g5 {[%emt 0:00:01]} 49. Rc7# {[%emt 0:00:00] (Lag: Av=0.68s, max=1.2s)} 1-0

[Event "Stay Safe Play From Home 349"]
[Site "Emanuel Lasker Arena"]
[Date "2020.08.02"]
[Round "2"]
[White "Stefanone"]
[Black "Mepe_Nika"]
[Result "1/2-1/2"]
[WhiteElo "2008"]
[BlackElo "2381"]
[Annotator "TA"]
[PlyCount "127"]
[EventDate "2020.08.02"]
[EventType "swiss (blitz)"]

{[%evp 9,127,0,4,-1,0,-4,-3,-32,-24,-51,-33,-53,-59,-61,-3,-11,-9,-4,-7,-16,-11,-17,-12,-28,-12,-34,-31,-32,-21,-42,-28,-94,-79,-71,-20,-209,-226,-757,-743,-1372,-818,-1570,-1574,-1341,-955,-993,-966,-1632,-1620,-1389,-1164,-1211,-1211,-1211,-1211,-1261,-1251,-2496,-2287,-2287,-2204,-1887,0,-1718,-1547,-2449,-2443,-12793,-5320,-29985,-29982,-29982,-29983,-29983,-29984,-29983,-29984,-29984,-29985,-29985,-29986,-29986,-29987,-29991,-29992,-29994,-29995,-29995,-29996,-29996,-29994,-29996,-29997,-29997,-29996,-29996,-29996,-29996,-29997,-29997,-29993,-29993,-29994,-29999,-29993,-29994,-29994,-29994,-29993,-29993,-29994,-29994,-29995,-29995,-29996,-29997,-29998,-29998,-29999,-29999]} 1. d4 d5 2. e3 Nf6 3. Nf3 c6 4. b3 Bf5 5. Bb2 e6 6. Bd3 {D04: Colle System.} Nbd7 7. Bxf5 exf5 {[#]} 8. Ne5 $146 {The position is equal.} ({Predecessor:} 8. O-O Bd6 9. c4 O-O 10. Nc3 a6 11. Qd3 g6 12. Rac1 Re8 13. g3 Qe7 14. cxd5 Nxd5 15. Nxd5 cxd5 {0-1 (51) Gonzalez Rodriguez,J (2385)-Cuartas,J (2284) Catalunya 2012}) 8... Bd6 9. f4 O-O 10. O-O Ne4 11. Nd2 f6 (11... Ndf6 $15) 12. Nxe4 fxe4 13. Nxd7 Qxd7 14. Qd2 f5 15. c4 Be7 16. Rf2 h6 17. Kh1 Kh7 18. Rg1 Rg8 19. Qe2 g5 20. g4 (20. g3 $11 {keeps the balance.}) 20... gxf4 $17 21. Rxf4 Raf8 ({Black should play} 21... Rxg4 $17 22. Rgxg4 fxg4) 22. Qg2 $2 {White is on the road to losing.} (22. gxf5 $11 Rxg1+ 23. Kxg1) 22... Bg5 $19 23. Rff1 $2 (23. Rxf5 Bxe3 24. Rgf1 Rxf5 25. Rxf5) 23... Bxe3 24. h4 f4 25. Bc1 Bxg1 26. Rxg1 e3 27. Qf3 Qe7 28. Kg2 Qxh4 {( -> ...e2)} 29. Rh1 Qg5 30. Kf1 Qxg4 31. Qxg4 Rxg4 {[%mdl 4096] Endgame KRR-KRB} 32. Ke2 Rg2+ 33. Kf3 Rf2+ 34. Kg4 Rg8+ 35. Kf5 Rf8+ $2 (35... e2 $19 36. Bd2 Rf8+ 37. Ke6 Rf1) 36. Ke6 $2 {[%mdl 8192]} (36. Kg4 $11 e2 37. Bd2) 36... Rxa2 37. cxd5 cxd5 38. Kxd5 Ra1 39. Rg1 f3 {Black mates.} 40. Bxe3 Rxg1 41. Bxg1 f2 42. Bxf2 Rxf2 {KR-KPP} 43. Ke6 Rd2 44. d5 h5 45. d6 h4 46. Kd7 h3 47. Kc7 h2 48. b4 h1=Q 49. b5 a6 50. b6 Qc6+ {[%mdl 64] [#] Double Attack} 51. Kb8 Qe8+ 52. Ka7 Qd7 53. Kb8 Rxd6 54. Ka7 {[#]} Rxb6 $1 55. Kxb6 Qc6+ 56. Ka5 b5 57. Kb4 Qc4+ 58. Ka5 Qa4+ 59. Kb6 b4 60. Kc5 b3 61. Kb6 b2 62. Ka7 b1=Q 63. Ka8 Qc6+ 64. Ka7 {[%mdl 32768] Accuracy: White = 42%, Black = 78%. . An unexpected result.} 1/2-1/2

[Event "Stay Safe Play From Home 349"]
[Site "Emanuel Lasker Arena"]
[Date "2020.08.02"]
[Round "2"]
[White "Padmaesh M K"]
[Black "Nuktotitakoi"]
[Result "0-1"]
[WhiteElo "1878"]
[BlackElo "2330"]
[Annotator "TA"]
[PlyCount "56"]
[EventDate "2020.08.02"]
[EventType "swiss (blitz)"]

{[%evp 20,56,-33,-34,-38,-37,-25,-25,-25,-27,-28,-35,-29,-235,-239,-231,-233,-247,-242,-226,-248,-231,-171,-196,-175,-175,-175,-270,-250,-243,-242,-284,-281,-295,-275,-29984,-29985,-29985,-1422]} 1. Nf3 d6 2. g3 Nf6 3. Bg2 g6 4. c4 Bg7 5. d3 O-O 6. O-O Nc6 7. Nc3 e5 8. Bg5 h6 9. Bxf6 Bxf6 10. e4 Bg7 11. Nd5 Bg4 {A26: English Opening vs King's Indian with ...Nc6 and d3.} 12. h3 Bxf3 13. Bxf3 Nd4 {Black has an edge.} 14. Bg2 {[#]} c6 $146 ({Predecessor:} 14... f5 15. exf5 gxf5 16. Qh5 c6 17. Ne3 Qg5 18. Qd1 f4 19. h4 Qg6 20. Be4 Qe6 {0-1 (32) Ginzburg,A (2021)-Tugarin,A Irkutsk 2009}) 15. Ne3 f5 16. f3 $2 (16. exf5 $11 gxf5 17. Nc2) 16... f4 $19 17. gxf4 exf4 18. Nc2 Qb6 {...Nxc2+ is the strong threat.} 19. Kh1 Qxb2 20. Nxd4 Qxd4 21. Qe2 b6 22. Rac1 Rae8 23. h4 (23. Rg1 $142) 23... Re5 24. Bh3 Rh5 25. Qe1 Bf6 ({Don't play} 25... Qxd3 26. Bg4 $19) 26. Kg2 Bxh4 27. Bg4 $2 {[#]} (27. Qc3 $19 Qe3 28. Be6+ Kh7 29. Rc2) 27... Bxe1 28. Rcxe1 Rg5 {White did not feel at home in the position after the opening. Accuracy: White = 45%, Black = 93%.} (28... Qb2+ $142 29. Rf2 {[#]} Rh2+ $1 {[%mdl 576] Deflection, Decoy} 30. Kxh2 Qxf2+ {[%mdl 64] Double Attack} 31. Kh1 Qxe1+ 32. Kg2 h5 33. Bd7 Qg3+ 34. Kf1 Qxf3+ {[%mdl 64] Double Attack} 35. Ke1 Qe3+ 36. Kd1 Qxd3+ 37. Kc1 f3 38. Be6+ Kg7 39. Bh3 f2 40. Bf1 Qxf1+ 41. Kc2 Qxc4+ {[%mdl 64] Double Attack} 42. Kb2 f1=Q 43. Ka3 Qfc1#) 0-1

[Event "Stay Safe Play From Home 349"]
[Site "Emanuel Lasker Arena"]
[Date "2020.08.02"]
[Round "2"]
[White "Haris kollari 13"]
[Black "Ash7"]
[Result "1-0"]
[WhiteElo "1694"]
[BlackElo "1831"]
[Annotator "NA"]
[PlyCount "49"]
[EventDate "2020.08.02"]
[EventType "swiss (blitz)"]

1. e4 {[%emt 0:00:01]} c5 {[%emt 0:00:01]} 2. f4 {[%emt 0:00:01]} d5 {[%emt 0:00:01]} 3. Nf3 {[%emt 0:00:00]} d4 {[%emt 0:00:04]} 4. d3 {[%emt 0:00:01]} Nc6 {[%emt 0:00:03]} 5. Bd2 {[%emt 0:00:01]} Nf6 {[%emt 0:00:03]} 6. Be2 {[%emt 0:00:01]} g6 {[%emt 0:00:01]} 7. c3 {[%emt 0:00:01]} Bg7 {[%emt 0:00:00]} 8. cxd4 {[%emt 0:00:01]} cxd4 {[%emt 0:00:00]} 9. O-O {[%emt 0:00:02]} O-O {[%emt 0:00:00]} 10. Na3 {[%emt 0:00:01]} Ng4 {[%emt 0:00:03]} 11. Nc2 {[%emt 0:00:01]} e5 {[%emt 0:00:03]} 12. h3 {[%emt 0:00:02]} Ne3 {[%emt 0:00:03]} 13. Nxe3 {[%emt 0:00:02]} dxe3 {[%emt 0:00:00]} 14. Bxe3 {[%emt 0:00:00]} exf4 {[%emt 0:00:01]} 15. Bxf4 {[%emt 0:00:01]} Bxb2 {[%emt 0:00:00]} 16. Rb1 {[%emt 0:00:01]} Bg7 {[%emt 0:00:00]} 17. Kh1 {[%emt 0:00:01]} b6 {[%emt 0:00:05]} 18. Qd2 {[%emt 0:00:05]} Be6 {[%emt 0:00:02]} 19. Rbc1 {[%emt 0:00:02]} Nd4 {[%emt 0:00:03]} 20. Bh6 {[%emt 0:00:04]} Nxe2 {[%emt 0:00:12]} 21. Bxg7 {[%emt 0:00:03]} Ng3+ {[%emt 0:00:01]} 22. Kg1 {[%emt 0:00:07]} Kxg7 {[%emt 0:00:08]} 23. Qc3+ {[%emt 0:00:02]} Kg8 {[%emt 0:00:03]} 24. Rf2 {[%emt 0:00:01]} Nh5 {[%emt 0:00:01]} 25. g4 {[%emt 0:00:01] Time (Lag: Av=1.11s, max=3.3s)} 1-0

[Event "Stay Safe Play From Home 349"]
[Site "Emanuel Lasker Arena"]
[Date "2020.08.02"]
[Round "2"]
[White "Dreamsoldier"]
[Black "AChessPlayer"]
[Result "0-1"]
[WhiteElo "1294"]
[BlackElo "2372"]
[Annotator "TA"]
[PlyCount "94"]
[EventDate "2020.08.02"]
[EventType "swiss (blitz)"]

{[%evp 9,93,0,16,-22,3,0,-3,-2,-9,-42,-42,-68,13,-92,-87,-80,-41,-63,-20,-65,-64,-56,-68,-135,-18,-21,-6,-6,-7,-30,-14,-155,-143,-148,0,0,0,0,0,0,0,-159,-117,-125,-64,-63,-56,-51,0,-37,-25,-23,13,10,45,35,53,25,34,-1091,-1088,-1449,-1507,-2083,-1575,-29987,-29986,-29975,-29970,-29987,-29987,-29989,-29990,-29990,-29991,-29995,-29993,-29993,-29994,-29997,-29996,-29997,-29997,-29997,-29998,-29999]} 1. e4 c6 2. Nf3 d5 3. exd5 cxd5 4. d4 Nc6 5. Be3 Bg4 6. Bb5 {B13: Caro-Kann: Exchange Variation and Panov-Botvinnik Attack.} (6. h3 {feels hotter.} Bh5 7. c4 Nf6 8. Nc3 e6 9. c5) 6... Nf6 {[#]} 7. Bxc6+ $146 ({Predecessor:} 7. h3 Bh5 8. g4 Bg6 9. Ne5 Rc8 10. Nc3 e6 11. Bxc6+ bxc6 12. Nxg6 hxg6 13. Bg5 {0-1 (27) Jakobsson,T-Ontiveros,J Reykjavik 2012}) 7... bxc6 8. Nbd2 {The position is equal.} e6 9. c3 Bd6 10. Qa4 Qb6 (10... O-O $15) 11. h3 (11. c4 $11 dxc4 12. Nxc4 Qb4+ 13. Qxb4 Bxb4+ 14. Bd2 Bxf3 15. Bxb4 Bxg2 16. Nd6+ Kf8 17. Nf5+ Ke8 18. Nd6+ Kf8 19. Ne4+ Ke8 20. Nd6+ Kf8) 11... Bxf3 $1 $17 12. Nxf3 O-O 13. b3 c5 14. dxc5 Bxc5 15. Bxc5 Qxc5 16. Qb4 (16. O-O $15) 16... Qc7 (16... Rfc8 $17 17. Qxc5 Rxc5) 17. O-O $11 Rab8 18. Qd4 Rfd8 19. Ne5 Ne4 $36 {[%mdl 2048] White is under pressure.} 20. f4 (20. c4 $11 {remains equal.}) 20... Nxc3 {Hoping for ...Ne2+.} 21. Kh2 Ne4 ({Better is} 21... Nb5 $17 22. Qd2 Nc3) 22. Rac1 Qb6 23. Qxb6 Rxb6 24. Rc7 f6 25. Ng4 $2 ({White should try} 25. Nc6 $11 Re8 26. f5) 25... h5 26. Nf2 Nxf2 (26... Ra6 $17 27. f5 exf5) 27. Rxf2 $17 {[%mdl 4096] Endgame KRR-KRR} a5 28. Ra7 d4 (28... Kh7 $15) 29. Rxa5 d3 30. Rd2 g6 31. Rc5 Rd7 32. Rc3 Rbd6 33. a4 e5 34. b4 $2 {[%mdl 8192] This costs White the game.} (34. fxe5 $14 fxe5 35. Kg3) 34... e4 $19 35. b5 e3 36. Rd1 e2 37. Re1 d2 {Black mates.} 38. Rxe2 d1=Q {[%mdl 64] [#] Double Attack} 39. Re8+ Kf7 40. Rcc8 Qf1 41. Rf8+ Ke6 42. Rc2 Rd1 43. Re8+ {[#]} Kf7 $1 44. Ree2 Qxf4+ 45. g3 Qf3 {[%csl Gd1][%cal Rf3h1]} 46. Rg2 Qf1 {[%csl Gd1][%cal Rf1h1]} 47. Rcf2 Qh1# {Accuracy: White = 43%, Black = 50%.} 0-1

[Event "Stay Safe Play From Home 349"]
[Site "Emanuel Lasker Arena"]
[Date "2020.08.02"]
[Round "3"]
[White "BrainThinker22"]
[Black "Mepe_Nika"]
[Result "1-0"]
[WhiteElo "2433"]
[BlackElo "2368"]
[Annotator "NA"]
[PlyCount "137"]
[EventDate "2020.08.02"]
[EventType "swiss (blitz)"]

1. e4 {[%emt 0:00:01]} c6 {[%emt 0:00:00]} 2. d4 {[%emt 0:00:02]} d5 {[%emt 0:00:00]} 3. exd5 {[%emt 0:00:00]} cxd5 {[%emt 0:00:01]} 4. c4 {[%emt 0:00:00]} Nf6 {[%emt 0:00:01]} 5. Nc3 {[%emt 0:00:00]} g6 {[%emt 0:00:00]} 6. Nf3 {[%emt 0:00:00]} Bg7 {[%emt 0:00:01]} 7. cxd5 {[%emt 0:00:00]} Nxd5 {[%emt 0:00:01]} 8. Bd3 {[%emt 0:00:00]} O-O {[%emt 0:00:01]} 9. h3 {[%emt 0:00:00]} Nc6 {[%emt 0:00:01]} 10. O-O {[%emt 0:00:01]} Bf5 {[%emt 0:00:02]} 11. Bxf5 {[%emt 0:00:02]} gxf5 {[%emt 0:00:00]} 12. Re1 {[%emt 0:00:01]} e6 {[%emt 0:00:01]} 13. a3 {[%emt 0:00:01]} Kh8 {[%emt 0:00:01]} 14. Bg5 {[%emt 0:00:01]} Bf6 {[%emt 0:00:01]} 15. Bxf6+ {[%emt 0:00:03]} Nxf6 {[%emt 0:00:00]} 16. Qd3 {[%emt 0:00:03]} Rg8 {[%emt 0:00:01]} 17. Rad1 {[%emt 0:00:01]} Nd5 {[%emt 0:00:02]} 18. Qd2 {[%emt 0:00:04]} Rg6 {[%emt 0:00:01]} 19. Nxd5 {[%emt 0:00:01]} Qxd5 {[%emt 0:00:01]} 20. Qe3 {[%emt 0:00:01]} Rag8 {[%emt 0:00:01]} 21. g3 {[%emt 0:00:01]} Qd6 {[%emt 0:00:04]} 22. Nh4 {[%emt 0:00:01]} Rg5 {[%emt 0:00:04]} 23. d5 {[%emt 0:00:01]} Rxg3+ {[%emt 0:00:05]} 24. fxg3 {[%emt 0:00:01]} Rxg3+ {[%emt 0:00:00]} 25. Qxg3 {[%emt 0:00:01]} Qxg3+ {[%emt 0:00:01]} 26. Ng2 {[%emt 0:00:00]} Ne5 {[%emt 0:00:01]} 27. Re3 {[%emt 0:00:05]} Nf3+ {[%emt 0:00:05]} 28. Kf1 {[%emt 0:00:00]} Nh2+ {[%emt 0:00:02]} 29. Kg1 {[%emt 0:00:01]} Nf3+ {[%emt 0:00:00]} 30. Kf1 {[%emt 0:00:00]} Qxh3 {[%emt 0:00:00]} 31. d6 {[%emt 0:00:07]} Nh2+ {[%emt 0:00:03]} 32. Kg1 {[%emt 0:00:03]} Nf3+ {[%emt 0:00:01]} 33. Kf2 {[%emt 0:00:01]} Qg4 {[%emt 0:00:04]} 34. d7 {[%emt 0:00:01]} Ng5 {[%emt 0:00:02]} 35. d8=Q+ {[%emt 0:00:01]} Kg7 {[%emt 0:00:00]} 36. Qd4+ {[%emt 0:00:01]} f6 {[%emt 0:00:04] Mepe_Nika offers a draw} 37. Qxg4 {[%emt 0:00:01]} fxg4 {[%emt 0:00:00]} 38. Rd7+ {[%emt 0:00:00]} Kg6 {[%emt 0:00:01]} 39. Rxb7 {[%emt 0:00:00]} h5 {[%emt 0:00:00]} 40. Rxa7 {[%emt 0:00:01]} Nh3+ {[%emt 0:00:00]} 41. Rxh3 {[%emt 0:00:01]} gxh3 {[%emt 0:00:00]} 42. Nf4+ {[%emt 0:00:00]} Kf5 {[%emt 0:00:00]} 43. Nxh3 {[%emt 0:00:00]} e5 {[%emt 0:00:00]} 44. Ng1 {[%emt 0:00:00]} Kg4 {[%emt 0:00:00]} 45. Ra4+ {[%emt 0:00:00]} Kf5 {[%emt 0:00:01]} 46. Rc4 {[%emt 0:00:00]} h4 {[%emt 0:00:00]} 47. Rc2 {[%emt 0:00:00]} h3 {[%emt 0:00:00]} 48. Nxh3 {[%emt 0:00:00]} Kg4 {[%emt 0:00:00]} 49. Ng1 {[%emt 0:00:00]} f5 {[%emt 0:00:00]} 50. Re2 {[%emt 0:00:00]} e4 {[%emt 0:00:00]} 51. Ke3 {[%emt 0:00:00]} Kg5 {[%emt 0:00:01]} 52. Nf3+ {[%emt 0:00:01]} Kg4 {[%emt 0:00:00]} 53. Nd4 {[%emt 0:00:00]} Kg3 {[%emt 0:00:00]} 54. Rf2 {[%emt 0:00:01]} f4+ {[%emt 0:00:00]} 55. Rxf4 {[%emt 0:00:00]} Kg2 {[%emt 0:00:01]} 56. Rxe4 {[%emt 0:00:00]} Kg3 {[%emt 0:00:00]} 57. b4 {[%emt 0:00:00]} Kh3 {[%emt 0:00:00]} 58. b5 {[%emt 0:00:00]} Kg3 {[%emt 0:00:00]} 59. b6 {[%emt 0:00:00]} Kg2 {[%emt 0:00:00]} 60. b7 {[%emt 0:00:00]} Kf1 {[%emt 0:00:00]} 61. a4 {[%emt 0:00:00]} Kg2 {[%emt 0:00:00]} 62. a5 {[%emt 0:00:00]} Kf1 {[%emt 0:00:00]} 63. a6 {[%emt 0:00:00]} Ke1 {[%emt 0:00:00]} 64. a7 {[%emt 0:00:00]} Kd1 {[%emt 0:00:00]} 65. b8=Q {[%emt 0:00:00]} Ke1 {[%emt 0:00:00]} 66. Nc6 {[%emt 0:00:01]} Kf1 {[%emt 0:00:00]} 67. a8=Q {[%emt 0:00:00]} Kg2 {[%emt 0:00:00]} 68. Qa2+ {[%emt 0:00:01]} Kh3 {[%emt 0:00:00] Mepe_Nika offers a draw} 69. Qbh2# {[%emt 0:00:01] (Lag: Av=0.47s, max=1.0s)} 1-0

[Event "Stay Safe Play From Home 349"]
[Site "Emanuel Lasker Arena"]
[Date "2020.08.02"]
[Round "3"]
[White "Uber_WING"]
[Black "AChessPlayer"]
[Result "0-1"]
[WhiteElo "2393"]
[BlackElo "2372"]
[Annotator "TA"]
[PlyCount "148"]
[EventDate "2020.08.02"]
[EventType "swiss (blitz)"]

{[%evp 9,148,19,21,18,12,-13,43,27,48,45,76,39,142,-10,0,-14,-8,-58,-54,-50,-50,-75,-83,-75,-59,-78,-72,-103,-89,-95,-62,-104,60,41,103,100,147,139,157,81,121,124,110,109,87,75,110,80,84,40,38,40,23,0,26,-71,99,-50,-50,-50,-50,-52,-33,-61,-55,-62,-55,-106,-65,-93,-92,-87,-102,-157,-160,-143,-152,-180,-160,-192,-200,-197,-182,-164,-60,-68,-62,-87,-99,-540,-513,-484,-460,-975,-910,-1052,-1052,-1020,-865,-850,-738,-670,-654,-1751,-575,-29970,-29963,-29992,-29993,-29996,-29997,-29997,-29998,-29998,-29993,-29993,-29994,-29995,-29993,-29993,-29993,-29994,-29995,-29995,-29993,-29994,-29995,-29997,-29995,-29996,-29996,-29997,-29997,-29999,-29998,-29998,-29998,-29998,-29999,-29999,-29999]} 1. e4 c6 2. Nc3 {[%cal Bb1c3,Bc3d1,Bd1e3,Be3f5][%mdl 32]} d5 3. d3 dxe4 4. dxe4 Qxd1+ 5. Nxd1 e5 6. Bc4 {B11: Caro-Kann: Two Knights Variation.} Nd7 {[#]} 7. Be3 $146 ({Predecessor:} 7. a4 Ngf6 8. f3 Bc5 9. Be3 a5 10. Ne2 O-O 11. Nc1 Bxe3 12. Nxe3 Nc5 13. Nd3 Nxd3+ 14. Bxd3 {½-½ (50) Arold,H (2220)-Schaack,H (2294) Germany 2005}) 7... Bc5 (7... Ngf6 $11) 8. Nf3 {White is slightly better.} Bxe3 9. Nxe3 Ngf6 10. Nf5 O-O (10... Nxe4 $14 11. Nxg7+ Kf8) 11. Bd3 $2 (11. Ne7+ $16 Kh8 12. Ng5) 11... g6 12. Ng3 Re8 13. O-O-O Nc5 14. Rhe1 Bg4 15. h3 Bxf3 $1 16. gxf3 b5 17. Be2 Rad8 18. Nf1 Ne6 19. Ne3 Nh5 20. Bf1 Nhf4 $2 (20... Kg7 $17 21. Ng4 f6) 21. Ng4 $14 Nd4 ({Better is} 21... Kg7 $14) 22. Nf6+ $16 Kg7 23. Nxe8+ Rxe8 24. Re3 (24. c3 $142 Nde6 25. Rd7) 24... a6 25. c3 Nde6 26. Rd6 Rc8 27. Re1 h5 28. Red1 Ng5 29. Rd7 Nxf3 30. Ra7 h4 $1 31. Rdd7 Ng5 32. Rxa6 (32. Kd1 $11) 32... Nfe6 $2 (32... Nfxh3 $17 {stays on course.} 33. Bxh3 Nxh3) 33. Bg2 (33. Raa7 $16) 33... Nc5 $15 34. Raa7 Nxd7 35. Rxd7 {[%mdl 4096] Endgame KRB-KRN} Kf6 36. Rd6+ Ke7 37. Rd3 Ne6 {...Nf4 is the strong threat.} 38. Bf1 (38. Rd1 $15) 38... Nf4 39. Rd2 f5 40. exf5 gxf5 41. Rd1 (41. b3 $142) 41... e4 $17 42. Kc2 Ke6 43. Re1 Ke5 44. b3 Nd5 45. a4 bxa4 46. bxa4 Ra8 (46... Kf4 $1 $19 {[%cal Rf4f3] And now ...Kf3 would win.} 47. Be2 e3 48. fxe3+ Nxe3+ 49. Kd2 Rd8+ 50. Bd3 Ng2) 47. Ra1 $1 $15 f4 48. a5 {[#]} f3 $1 49. c4 $2 {[%mdl 8192] [#]} (49. Kd2 $17) 49... Nb4+ $1 $19 50. Kc3 c5 51. Ra4 (51. Kb3 $142 Rd8 52. Kc3) 51... Kf4 52. Ra1 e3 53. fxe3+ Kxe3 54. Re1+ {[#]} Kf2 $1 {[%mdl 512]} 55. Ra1 Kg3 56. Bd3 f2 (56... Nxd3 $142 57. Kxd3 f2) 57. Be4 Re8 {Black mates.} 58. Bd5 Re1 59. Rxe1 fxe1=Q+ 60. Kb2 Qd2+ {[%mdl 64] Double Attack} 61. Kb3 Qh6 62. Ka4 Qa6 63. Bc6 Qa7 64. Bb5 Nc2 65. Kb3 Nd4+ 66. Kc3 Kxh3 67. Kd3 Kg3 68. Ke4 h3 69. Kd5 h2 70. Be8 h1=Q+ 71. Ke5 Qe1+ 72. Kf6 Qe6+ 73. Kg5 Qae7+ 74. Kh5 Q7f6 {What a bad dream for White. Accuracy: White = 39%, Black = 60%.} 0-1

[Event "Stay Safe Play From Home 349"]
[Site "Emanuel Lasker Arena"]
[Date "2020.08.02"]
[Round "3"]
[White "Nuktotitakoi"]
[Black "Stefanone"]
[Result "1-0"]
[WhiteElo "2332"]
[BlackElo "2021"]
[Annotator "TA"]
[PlyCount "13"]
[EventDate "2020.08.02"]
[EventType "swiss (blitz)"]

{[%evp 9,13,68,71,72,691,685]} 1. e4 e6 2. Nc3 d5 3. Nf3 c6 4. e5 f5 5. d4 c5 {[#]} 6. Bg5 $146 {C00: French: Unusual White 2nd moves.} ({Predecessor:} 6. Ne2 Nc6 7. c3 Bd7 8. Be3 Qc7 9. a3 c4 10. Nf4 Be7 11. Ng5 Bxg5 12. Qh5+ {1-0 (32) Sarana,A (2261)-Ostrikov,G (2050) Dombai 2013}) 6... cxd4 $2 {[%mdl 8192] [#]} (6... Be7 $16) 7. Bxd8 1-0